00385nam a2200121Ia 4500008004100000020001400041082001700055100002200072245009900094260003900193300001200232700001900244161229s9999 xx 000 0 und d a812240019 a658.3 BRA/MA aBradford, David L aManaging for excellence the guide to developing high performance in contemporary organizations bWiley Eastern LtdaNew Delhic1984 axi, 301 aCohen, Allan R